MARC

LEADER 00000nam0a2200000 4500
001 332041
005 20231102004421.0
035 |a (RuTPU)RU\TPU\book\357940 
090 |a 332041 
100 |a 20170515d1885 k y0rusy50 ca 
101 0 |a rus 
102 |a RU 
105 |a a c 001zy 
200 1 |a Материалы для изучения способов петрографических исследований  |e (Систематическое сопоставление литературных источников)  |f А. П. Карпинский 
210 |a Санкт-Петербург  |c Типография А. Якобсона  |d 1885 
215 |a 47 с.  |c ил. 
316 |5 63413507: 18//415  |a На обложке: "Библиотека С. Н. Кулибина" 
317 |5 63413507: 18//415  |a Поступила в НТБ в 1900 г. в составе книжного собрания С. Н. Кулибина 
320 |a Библиогр. в конце ч. 
606 1 |a Петрография  |2 stltpush  |3 (RuTPU)RU\TPU\subj\48701  |9 67549 
610 1 |a горные породы 
610 1 |a разделение 
610 1 |a удельный вес 
610 1 |a теплопроводность 
610 1 |a теплоемкость 
610 1 |a плавкость 
610 1 |a гигроскопичность 
610 1 |a упругость 
610 1 |a химические исследования 
610 1 |a микроскопы 
610 1 |a библиотека С. Н. Кулибина 
610 1 |a указатель 
675 |a 552  |v 4 
700 1 |a Карпинский  |b А. П.  |c российский ученый  |c геолог  |c академик АН СССР  |f 1846/1847-1936  |g Александр Петрович  |2 stltpush  |3 (RuTPU)RU\TPU\pers\13364  |9 4019 
801 1 |a RU  |b 63413507  |c 20170515 
942 |c BK